Word Ladder: Rock and Roll Sea Life Quiz Stats

 Plays Quiz Updated Aug 26, 2017

Challenge
Share
Tweet
Embed
Score 0/38 Timer 04:00
0 Plays Today
Clue 4-Letter Word % Correct
Ice hockey disc PUCK
97.8%
*Music genre of 'The Ramones': [rung 1][rung 4]*
*Steven Tyler or Mick Jagger, e.g.: [rung 4][rung 11]*
*ROCK*
94.8%
Part of a chess setROOK
94.7%
Written work; make a reservationBOOK
92.9%
*Music genre of 'The Ramones': [rung 1][rung 4]**PUNK*
92.5%
One of three from a genieWISH
91.9%
Nine-month pregnancy; part of the school yearTERM
91.4%
Pierce with a knifeSTAB
90.7%
Scrimmage in rugbyRUCK
89.7%
Group working in combinationTEAM
89.6%
Criticize severely; shut hardSLAM
89.6%
Large shopping areaMALL
89.5%
Large thick sliceSLAB
89.5%
Harmful microorganismGERM
88.9%
Gravy containerBOAT
88.8%
Stitched line on a baseballSEAM
88.4%
UK car's rear baggage spaceBOOT
88.4%
2002 Mel Gibson movie: 'We ___ Soldiers'WERE
88.3%
Third out of threeLAST
87.5%
Clue 4-Letter Word % Correct
'Black Power' symbolFIST
87.4%
This Richard is an officer and a gentleman?GERE
87.3%
Name one by oneLIST
86.9%
Grain product used in beer and whiskeyMALT
86.6%
*Steven Tyler or Mick Jagger, e.g.: [rung 4][rung 11]*
*Sea animal that has five arms: [rung 11][rung 24]*
*STAR*
86.4%
*Sea animal that has five arms: [rung 11][rung 24]*
*Side to side sliding of a vehicle: [rung 24][rung 32]*
*FISH*
85.8%
Showing good sense or judgmentWISE
84.8%
Animal that doesn't sound very interesting?BOAR
84.5%
Crow's nest supportMAST
83.7%
Eavesdropping deviceWIRE
83%
Rise dramaticallySOAR
82.1%
Form of armor; postMAIL
77.1%
*Side to side sliding of a vehicle: [rung 24][rung 32]*
*Drive too close to another car: [rung 32][rung 38]*
*TAIL*
76.6%
Road or bridge levyTOLL
70.4%
Put in long hoursTOIL
69.3%
Anecdotal narrativeTALE
67.1%
*Drive too close to another car: [rung 32][rung 38]**GATE*
66.3%
London art gallery, '___ Modern'TATE
64.8%
Decorated metalwareTOLE
59.9%

Today's Daily Dose

You're not logged in!

Compare scores with friends on all Sporcle quizzes.
Join for Free
OR
Log In

You Might Also Like...

Show Comments

Extras

Top Quizzes Today


Score Distribution

Your Account Isn't Verified!

In order to create a playlist on Sporcle, you need to verify the email address you used during registration. Go to your Sporcle Settings to finish the process.

Report this User

Report this user for behavior that violates our Community Guidelines.

Details: